000 00598nam a2200205 i 4500
001 147057
003 ES-MaACL
005 20250512063037.0
007 t|
008 070920s1977 sp ||||1| spa d
080 _a947"1917/21"(04)
100 1 _aTrotsky, Leon,
_d1879-1940
_9240350
245 1 3 _aLa revolución de octubre /
_cLeon Trotsky.
250 _a[1ª ed.].
260 _a[Barcelona] :
_bFontamara,
_c[1977]
300 _a249 p. ;
_c19 cm.
651 4 _aRusia-
_xHistoria-
_y1917-1921, Revolución.
_99336
852 _aES-MaACL
_jA-7841
_bR.96827
999 _c147057
_d147057